000 00561nam a2200205Ia 4500
003 OSt
005 20220926041215.0
006 a|||||r|||| 00| 0
007 ta
008 220923b |||||||| |||| 00| 0 eng d
037 _cGeneral Book
040 _aRTL
_cRTL
_beng
041 _2eng
_aeng
082 _aY:42:1, H9;1
100 _aCaudwell Christopher
245 0 _aFurther studies in a dying culture, ed by Edgell R
650 _aAlcoholism
_9247596
942 _hY:42:1, H9;1
_cGB
_2CC
999 _c666616
_d666616